000 00355nam a2200133Ia 4500
008 151001s9999||||xx |||||||||||||| ||und||
100 _aशर्मा क्षीरसागर
245 _aजलयान की कहानी
250 _a1
260 _bअपराजिता
260 _c2005
300 _a59
365 _b24
999 _c989242
_d989239